000 00832nam a2200229Ia 4500
003 OSt
005 20220918111015.0
006 a|||||r|||| 00| 0
007 ta
008 220915b |||||||| |||| 00| 0 hin d
024 _a235498
037 _cReference Collections
040 _aARTS
_cARTS
_bhin
041 _2hin
_ahin
082 _aO1520a155,3k, P2.1-.4 (RR)
100 _aहरिदास
245 0 _aहिन्दी मराठी उपन्यास कोष
_b 1860 - 1960 तक
246 _aHindī marāṭhī upanyās koṣha: 1860 - 1960 taka
260 _aमुरादाबाद
_bप्रेरणा प्रकाशन
_c2002
942 _hO1520a155,3k, P2.1-.4 (RR)
_cREF
999 _c116379
_d116379